Hama tinake / (Record no. 68667)
[ view plain ]
| 000 -LEADER | |
|---|---|
| fixed length control field | 00496cam a22001934a 4500 |
| 001 - CONTROL NUMBER | |
| control field | sa 66003003 |
| 003 - CONTROL NUMBER IDENTIFIER | |
| control field | DLC |
| 005 - DATE AND TIME OF LATEST TRANSACTION | |
| control field | 20260227112233.0 |
| 008 - FIXED-LENGTH DATA ELEMENTS--GENERAL INFORMATION | |
| fixed length control field | 820909s1963 ii 000 1 hino |
| 010 ## - LIBRARY OF CONGRESS CONTROL NUMBER | |
| LC control number | sa 66003003 |
| 040 ## - CATALOGING SOURCE | |
| Original cataloging agency | DLC |
| Transcribing agency | DLC |
| 050 00 - LIBRARY OF CONGRESS CALL NUMBER | |
| Classification number | PK2098.13.A373 |
| Item number | H36 1963 |
| 100 1# - MAIN ENTRY--PERSONAL NAME | |
| Personal name | Bakshī, Rameśa. |
| 245 10 - TITLE STATEMENT | |
| Title | Hama tinake / |
| Statement of responsibility, etc. | Rameśa Bakshī. |
| 260 ## - PUBLICATION, DISTRIBUTION, ETC. | |
| Place of publication, distribution, etc. | Kalakattā : |
| Name of publisher, distributor, etc. | Nyū Eja Pabliśarsa, |
| Date of publication, distribution, etc. | 1963. |
| 300 ## - PHYSICAL DESCRIPTION | |
| Extent | 301 p. ; |
| Dimensions | 19 cm. |
| 500 ## - GENERAL NOTE | |
| General note | Novel. |
| 546 ## - LANGUAGE NOTE | |
| Language note | In Hindi. |
No items available.